Culture générale #4 - Statistiques

Statistiques générales
  • Ce quiz a été pris 68 fois
  • Le résultat moyen est 10 sur 20
Statistiques - réponses
Questions Réponses % Correct
Quelle planète du système solaire est la plus proche du Soleil ? Mercure
79%
Quel titre porte l'article publié par Émile Zola en 1898 au cours de l'affaire Dreyfus ? J'accuse
77%
Quel volcan est à l'origine de la destruction de la ville de Pompéi en 79 ? Vésuve
77%
Quelle franchise créée par Satoshi Tajiri a été déclinée en jeu vidéo, en animé ou en carte à collectionner ? Pokémon
74%
Quel pays est le premier à devenir champion du monde de football ? Uruguay
74%
Quel philosophe des Lumières a écrit Candide ? Voltaire
72%
Dans quelle religion la vache a-t-elle une dimension sacrée ? L'hindouisme
70%
Qui a établi la théorie de l'évolution ? Charles Darwin
65%
En 2018, quel pays d'Afrique a abandonné le nom Swaziland pour retrouver son nom d'origine avant la colonisation ? Eswatini
65%
Quel animal peut être mako, citron ou bouledogue ? Le requin
60%
De quelle nationalité était Gavrilo Princip, auteur de l'attentat de Sarajevo entrainant la Première Guerre mondiale ? Serbe
49%
Dans quelle discipline olympique peut-on retrouver les épreuves de CSO et de concours complet ? Équitation
47%
Qui a composé l'opéra Carmen ? Georges Bizet
44%
Quelle état insulaire d'Australie a la particularité d'avoir 45% de son territoire classé comme parc national ? Tasmanie
42%
Qui Louis XIV a-t-il chargé de la création des jardins de Versailles ? André Le Nôtre
40%
Quelle bataille fut la plus meurtrière du XXe siècle ? La bataille de Stalingrad
32%
Qui a réalisé Les sentiers de la Gloire, Eyes Wide shut ou encore Spartacus ? Stanley Kubrick
28%
Quel animal tire son nom de son habitude de plonger ses aliments dans l'eau avant de les manger ? Le raton laveur
26%
Quel pays a pris son indépendance de la France en 1977 ? Djibouti
18%
Quel fut le premier film non anglophone à remporter l'Oscar du meilleur film ? Parasite
9%
Aucun quiz correspondant
Distribution des résultats
% des personnes avec chaque résultat
Percentile par nombre de réponses
Votre historique - résultats
Vous n’avez pas pris ce quiz